000
00321nam a22001457a 4500
008
210429b ||||| |||| 00| 0 eng d
020
_a
9780136133131
041
_a
eng
080
_2
3rd
_a
070
082
_a
070
100
_a
41
101
_a
MED
245
_a
Listening and Speaking
_c
Solorzano,H.S
942
_2
udc
_c
BK
999
_c
57010
_d
57010